[Event "EU-ch Amateur Online 1400/1700"]
[Site "Tornelo INT"]
[Date "2021.04.17"]
[Round "5"]
[White "Oikonomopoulos, Filippos"]
[Black "Sklavounos, Andreas"]
[Result "1-0"]
[WhiteElo "1574"]
[BlackElo "1330"]
[PlyCount "37"]
[EventDate "2021.04.17"]
[EventType "swiss (rapid)"]
[EventRounds "8"]
[EventCountry "NET"]
[SourceTitle "EXT 2023"]
[Source "ChessBase"]
[SourceDate "2022.10.05"]
[SourceVersion "1"]
[SourceVersionDate "2022.10.05"]
[SourceQuality "1"]

1. d4 d5 2. Bf4 e6 3. e3 c5 4. c3 Nf6 5. Nd2 b6 6. Ngf3 Nc6 7. Bb5 Bb7 8. Qa4 Bd6 9. Bxc6+ Ke7 10. Bxb7 Bxf4 11. Bxa8 Bxe3 12. Qxa7+ Nd7 13. Bc6 Bxd2+ 14. Kxd2 f6 15. dxc5 bxc5 16. Bxd7 Kd6 17. Bb5 f5 18. Rhe1 g5 19. Qa6+ 1-0

[Event "GRE-chT Online Rapid op 1st"]
[Site "Tornelo INT"]
[Date "2021.02.20"]
[Round "1.11"]
[White "Giordos, Vasilios"]
[Black "Sklavounos, Andreas"]
[Result "1-0"]
[WhiteElo "2009"]
[BlackElo "1330"]
[PlyCount "63"]
[EventDate "2021.02.20"]
[EventType "team-swiss (rapid)"]
[EventRounds "9"]
[EventCountry "GRE"]
[SourceTitle "EXT 2023"]
[Source "ChessBase"]
[SourceDate "2022.10.05"]
[SourceVersion "1"]
[SourceVersionDate "2022.10.05"]
[SourceQuality "1"]

1. e4 e5 2. Nf3 Nc6 3. Bc4 Nf6 4. d3 Be7 5. a4 0-0 6. a5 Bb4+ 7. Bd2 d5 8. exd5 Nxd5 9. 0-0 Bg4 10. Bxb4 Ndxb4 11. c3 Nd5 12. Nbd2 Re8 13. Qb3 Nf4 14. Bxf7+ Kh8 15. Bxe8 Qxe8 16. Ng5 h6 17. Ngf3 Qg6 18. g3 Nxd3 19. Ra4 Nc5 20. Qc4 Nxa4 21. Qxa4 Rf8 22. Nh4 Qd6 23. Qxg4 g5 24. Ne4 Qd8 25. Ng6+ Kg7 26. Nxf8 Qxf8 27. Rd1 Nxa5 28. Rd7+ Kh8 29. Qe6 Nc6 30. Qf7 Qxf7 31. Rxf7 Na5 32. Nf6 1-0